000 00697nam a22002297a 4500
003 UA-OsUOA
001 98345
007 ta
008 20130415b un ||||| |||| 00| 0 ukr d
090 _a821.161.1
_bП90
942 _cBK
040 _aUA-OsUOA
_brus
_cUA-OsUOA
_dUA-OsUOA
245 _aПути в незнаемое
_bписатели рассказывают о науке
_cсост. Б. Володин
300 _a812 с.
_bІлюстрації
955 _a3
041 _arus
080 _a821.161.1
260 _aМ.
_bСоветский писатель
_c1987
044 _aRU
650 7 _a82 Література. Літературознавство
_2UDC
999 _c384930
_d384930